000 006300000a22001810004500
003 MACL
005 20170203121459.0
008 160422b xxu||||| |||| 00| 0 eng d
040 _aMACL
_cMACL
041 _aHindi
082 _a320
100 _aरस्‍तोगी सविता
_953273
245 _aसमसामयिक भारतीय राजनीति के विविध आयाम
260 _aनई दिल्‍ली
_bक्‍लासिकल पब्लिशिंग कम्‍पनी
_c2010
350 _a400
650 _aराजनीति
_9163
942 _cHIN
_k320
_2ddc
999 _c49248
_d49248